| 000 | 01189nam a2200337 c 4500 | ||
|---|---|---|---|
| 003 | BLK | ||
| 005 | 20180421000232.0 | ||
| 008 | 180411b bul|||||r ||||||| ||bul|| | ||
| 010 | _aKNG00192887000 | ||
| 040 | _aBLK | ||
| 041 |
_aBUL _cBUL |
||
| 080 |
_aКраезнание _b908 _x(497.235.1)(036) _z908(497.235.1)(036) |
||
| 100 | 1 |
_aДичински, Атанас _eпърви автор _963434 |
|
| 139 |
_aДичински, Атанас _bД 64 |
||
| 245 | 1 | 0 |
_aМедвен _bКраеведчески очерк с маршрути _cАтанас Дичински. |
| 257 | _aBGR | ||
| 260 |
_аСофия _bМедицина и физкултура _c1980 _fПловдив : Д. Благоев |
||
| 300 |
_a47 с. _bс ил. и к. _c17 см |
||
| 380 | _a91 | ||
| 490 | 1 | _aМалка туристическа библиотека | |
| 500 | _a4 910 тир. | ||
| 650 | 4 |
_aСливенски окръг _9321344 |
|
| 650 | 4 |
_aПътеводители _9168579 |
|
| 651 | 4 |
_aМедвен _9179202 |
|
| 651 | 4 |
_aСливенско _9179555 |
|
| 852 | _aЦб І 18135 | ||
| 856 | 4 |
_qpdf _u |
|
| 856 | 4 |
_qpdf _u |
|
| 942 |
_cKNG _n0 |
||
| 944 |
_aCR _c13.10.2016 _kКети_Илиева |
||
| 944 |
_aED _c13.10.2016 _kКети_Илиева |
||
| 999 |
_c183942 _d183942 |
||